Gramatika vo výučbe anglického odborného jazyka
Postavenie gramatiky vo výučbe odborného anglického jazyka. Prezentácia metód učenia a nácviku gramatických javov v kontexte odbornej komunikácie.
Salvato in:
| Autore principale: | |
|---|---|
| Natura: | Capitolo di libro |
| Lingua: | slovacco |
| Soggetti: | |
| Tags: |
Nessun Tag, puoi essere il primo ad aggiungerne!!
|
MARC
| LEADER | 00000naa$a2200000$$$4500 | ||
|---|---|---|---|
| 001 | 0181769 | ||
| 005 | 20240502073122.9 | ||
| 041 | 0 | |a slo | |
| 044 | |a SK | ||
| 245 | 1 | 0 | |a Gramatika vo výučbe anglického odborného jazyka |c Zuzana Ondrejová |
| 520 | |a Postavenie gramatiky vo výučbe odborného anglického jazyka. Prezentácia metód učenia a nácviku gramatických javov v kontexte odbornej komunikácie. | ||
| 610 | 2 | 0 | |a jazyk odborný |
| 610 | 2 | 0 | |a jazyky cudzie |
| 610 | 2 | 0 | |a gramatika |
| 610 | 2 | 0 | |a angličtina |
| 610 | 2 | 0 | |a komunikácia |
| 100 | 1 | |a Ondrejová, Zuzana, 1953- | |